[Event "HUN-ch U10/14"]
[Site "Buek"]
[Date "2023.06.25"]
[Round "9"]
[White "Hegedus, Zsombor"]
[Black "Sinoros Szabo, Daniel"]
[Result "1/2-1/2"]
[WhiteElo "1404"]
[BlackElo "1527"]
[PlyCount "28"]
[EventDate "2023.06.17"]
[EventType "swiss"]
[EventRounds "9"]
[EventCountry "HUN"]
[SourceTitle "CBM 215 Extra"]
[Source "ChessBase"]
[SourceDate "2023.09.30"]
[SourceVersion "1"]
[SourceVersionDate "2023.09.30"]
[SourceQuality "1"]

1. e4 e5 2. Nf3 Nc6 3. Bc4 Nf6 4. d3 Be7 5. Nc3 d6 6. h3 Na5 7. 0-0 0-0 8. Re1 Nxc4 9. dxc4 c6 10. b3 h6 11. Ba3 Qc7 12. Re3 a6 13. Rd3 c5 14. Nd2 Bd7 1/2-1/2

[Event "HUN-ch U10/14"]
[Site "Buek"]
[Date "2023.06.22"]
[Round "5"]
[White "Bod, Marton"]
[Black "Sinoros Szabo, Daniel"]
[Result "0-1"]
[WhiteElo "1813"]
[BlackElo "1527"]
[PlyCount "190"]
[EventDate "2023.06.17"]
[EventType "swiss"]
[EventRounds "9"]
[EventCountry "HUN"]
[SourceTitle "CBM 215 Extra"]
[Source "ChessBase"]
[SourceDate "2023.09.30"]
[SourceVersion "1"]
[SourceVersionDate "2023.09.30"]
[SourceQuality "1"]

1. e4 e5 2. Nf3 Nc6 3. Nc3 Nf6 4. h3 d5 5. exd5 Nxd5 6. Bb5 Nxc3 7. bxc3 Bd6 8. d4 exd4 9. cxd4 0-0 10. 0-0 h6 11. c4 Qf6 12. Be3 Ne7 13. Nd2 c6 14. Ne4 Qg6 15. Nxd6 Qxd6 16. Ba4 Be6 17. Bb3 Nf5 18. Qd2 Nxe3 19. Qxe3 Rfe8 20. Qd2 Rad8 21. Rfd1 Re7 22. Qc3 Bf5 23. Qa5 Be4 24. c5 Qb8 25. Qc3 Qf4 26. Re1 Red7 27. Rad1 Bg6 28. Qa5 a6 29. Re7 Rxd4 30. Rxd4 Rxd4 31. Qe1 Re4 32. Rxe4 Qxe4 33. Qd2 Qe7 34. Qd4 Kh7 35. Kf1 f6 36. Qc4 Be4 37. h4 Bd5 38. Bc2+ Kg8 39. Qg4 Be6 40. Qe4 Kf8 41. Qf4 Bxa2 42. Bg6 Qe5 43. Qd2 Qa1+ 44. Ke2 Bc4+ 45. Kf3 Bd5+ 46. Kg4 Qe5 47. f4 Be6+ 48. Kg3 Qd5 49. Qe2 f5 50. Qe1 Ke7 51. Qa1 Kf8 52. Qa5 Qd7 53. Qb6 Bf7 54. h5 Bxg6 55. hxg6 Ke7 56. Qb2 Kd8 57. Qe5 Kc8 58. Qe3 Kb8 59. Qb3 Qd5 60. Qc3 Qd7 61. Kh2 Kc8 62. Kh3 Kd8 63. Kh2 Ke8 64. Qe5+ Kf8 65. Qb8+ Qe8 66. Qxb7 Qxg6 67. Qxa6 Qe6 68. Qb7 Kg8 69. Qb8+ Kh7 70. Qd6 Qe4 71. Kh3 Kg8 72. Kh2 Kf7 73. Kg3 Qe6 74. Qd4 Kg6 75. Kh3 Qe4 76. Qd6+ Kh5 77. Qd1+ Kg6 78. Qd6+ Kf7 79. Qd7+ Kf8 80. Qd6+ Kg8 81. Kh2 Kh7 82. Kh3 Qe8 83. Kh2 g5 84. fxg5 hxg5 85. Qf6 Qg6 86. Qe7+ Kh6 87. Qf8+ Kh5 88. Qh8+ Qh6 89. Qe8+ Kh4 90. Qe2 g4 91. Qe7+ Kh5 92. Qe5 Kg5+ 93. Kg1 Qf6 94. Qe8 Qd4+ 95. Kh2 g3+ 0-1

[Event "HUN-ch U10/14"]
[Site "Buek"]
[Date "2023.06.20"]
[Round "2"]
[White "Papai, Mate"]
[Black "Sinoros Szabo, Daniel"]
[Result "0-1"]
[WhiteElo "1752"]
[BlackElo "1527"]
[PlyCount "78"]
[EventDate "2023.06.17"]
[EventType "swiss"]
[EventRounds "9"]
[EventCountry "HUN"]
[SourceTitle "CBM 215 Extra"]
[Source "ChessBase"]
[SourceDate "2023.09.30"]
[SourceVersion "1"]
[SourceVersionDate "2023.09.30"]
[SourceQuality "1"]

1. d4 Nf6 2. c4 d6 3. Nc3 Nbd7 4. e4 e5 5. Nf3 g6 6. Be2 Bg7 7. Be3 0-0 8. d5 Nc5 9. Nd2 a5 10. b3 Ne8 11. 0-0 f5 12. f3 f4 13. Bf2 Qg5 14. Kh1 Nf6 15. a3 Nh5 16. Qe1 Qh6 17. Kg1 Bd7 18. b4 axb4 19. axb4 Na6 20. Rxa6 bxa6 21. c5 Ng3 22. hxg3 fxg3 23. Bxg3 Qe3+ 24. Bf2 Qxc3 25. c6 Bxc6 26. dxc6 Qxc6 27. Bc4+ Kh8 28. Bd5 Qb5 29. Bxa8 Rxa8 30. Qb1 Bh6 31. Bh4 Be3+ 32. Kh1 g5 33. Be1 Qe2 34. Qc1 Qxf1+ 35. Kh2 Qg1+ 36. Kh3 Qh1+ 37. Kg4 Rf8 38. Qxc7 h5+ 39. Kg3 Qh4# 0-1

[Event "HUN-ch U10/14"]
[Site "Buek"]
[Date "2023.06.20"]
[Round "3"]
[White "Sinoros Szabo, Daniel"]
[Black "Tagai, Marton"]
[Result "1-0"]
[WhiteElo "1527"]
[BlackElo "1574"]
[PlyCount "65"]
[EventDate "2023.06.17"]
[EventType "swiss"]
[EventRounds "9"]
[EventCountry "HUN"]
[SourceTitle "CBM 215 Extra"]
[Source "ChessBase"]
[SourceDate "2023.09.30"]
[SourceVersion "1"]
[SourceVersionDate "2023.09.30"]
[SourceQuality "1"]

1. e4 e5 2. Nf3 Nc6 3. Nc3 Nf6 4. Be2 d5 5. exd5 Nxd5 6. 0-0 Nxc3 7. bxc3 e4 8. Ne1 Bd6 9. f3 Bf5 10. fxe4 Bxe4 11. Nf3 Bc5+ 12. Kh1 Bd6 13. d3 Bxf3 14. Rxf3 0-0 15. d4 Re8 16. Bc4 Rf8 17. Rh3 Qf6 18. Bd2 Rae8 19. Bd3 h6 20. Qg4 g5 21. Rf1 Qg7 22. Qh5 Re6 23. d5 Rf6 24. Rxf6 Qxf6 25. dxc6 Bf4 26. Bxf4 Qxf4 27. Rf3 Qd6 28. Qg4 Re8 29. g3 Re1+ 30. Kg2 Qxc6 31. Qf5 Qe8 32. Qh7+ Kf8 33. Qxh6+ 1-0